| 000 | 00570nam a2200169Ia 4500 | ||
|---|---|---|---|
| 008 | 100122s9999 xx 000 0 und d | ||
| 082 |
_b74116 _a823 |
||
| 100 | _aदेसाई हैदर तनुजा | ||
| 245 | _aबॉर्न कन्फ्यूज्ड | ||
| 250 | _a1 | ||
| 260 |
_bमेहता पब्लिशिंग हाऊस _c2008 |
||
| 300 | _a457 | ||
| 630 | _aबॉर्न कन्फ्यूज्ड | ||
| 700 | _aनरवणे सुधा | ||
| 730 | _aबॉर्न कन्फ्यूज्ड | ||
| 942 | _cBOOK | ||
| 999 |
_c390102 _d390099 |
||